000 00547nam a22001817a 4500
005 20251108173203.0
008 250721s2004 xx 000 0 ara d
082 1 4 _a411/هاش
100 1 _aبن مصطفى الهاشمي، أحمد بن إبراهيم
245 1 0 _aالمفرد العلم في رسم القلم /
264 1 _aبيروت :
_bدار الكتاب العربي،
_c2004.
300 _a158ص
650 1 7 _aالكتابة
650 1 7 _aاللغة العربية
650 1 7 _aالخط
942 _2ddc
_cBK
999 _c98086
_d98086